| 000 -ლიდერი |
| ფიქსირებული სიგრძის საკონტროლო ველი |
01287nam a2200253Ia 4500 |
| 001 - საკონტროლო ნომერი |
| საკონტროლო ველი |
20492 |
| 003 - საკონტროლო ნომრის იდენტიფიკატორი |
| საკონტროლო ველი |
GE_BSU |
| 005 - ბოლო ოპერაციის თარიღი და დრო |
| საკონტროლო ველი |
20210104225301.0 |
| 008 - ფიქსირებული სიგრძის მონაცემთა ელემენტები - ზოგადი ინფორმაცია |
| ფიქსირებული სიგრძის საკონტროლო ველი |
181216s1981||||ge |||||||||||||| || || |
| 040 ## - კატალოგიზაციის წყარო |
| Transcribing agency |
GE_BSU |
| 041 ## - ენის კოდი |
| Language code of text/sound track or separate title |
geo |
| 080 ## - უნივერსალური ათობითი კლასიფიკაციის ინდექსი |
| Universal Decimal Classification number |
821.353.1(075.3) მ-97 |
| 245 ## - ცნობა სათაურის შესახებ |
| Title |
მშობლიური ლიტერატურა : |
| Remainder of title |
IV კლ. სახელმძღვანელო / |
| Statement of responsibility, etc |
შემდგ. : ვ. რამიშვილი, კლ. დევდარიანი, შ. თაბუკაშვილი ; რედ. თ. ჯიჯეიშვილი. |
| 250 ## - გამოცემის ცნობა |
| Edition statement |
მე-11 გადამუშავებული გამოცემა |
| 264 ## - წარმოების, გამოცემის, დისტრიბუციის და სხვა ცნობები |
| გამოცემის, წარმოების, დისტრიბუციის... ადგილი |
თბილისი : |
| გამოცემის, წარმოების, დისტრიბუციის... სახელწოდება |
განათლება, |
| გამოცემის, წარმოების, დისტრიბუციის... თარიღი |
1981. |
| 300 ## - ფიზიკური აღწერა |
| Extent |
207 გვ. : |
| Other physical details |
ილ. ; |
| Dimensions |
21 სმ. |
| 653 ## - INDEX TERM--UNCONTROLLED |
| Uncontrolled term |
მშობლიური ლიტერატურა |
| 700 ## - ADDED ENTRY--PERSONAL NAME |
| Personal name |
რამიშვილი, ვ. |
| Relator term |
შემდგენელი |
| 9 (RLIN) |
9987 |
| 700 ## - ADDED ENTRY--PERSONAL NAME |
| Personal name |
დევდარიანი, კლ. |
| Relator term |
შემდგენელი |
| 9 (RLIN) |
9988 |
| 700 ## - ADDED ENTRY--PERSONAL NAME |
| Personal name |
თაბუკაშვილი, შ. |
| Relator term |
შემდგენელი |
| 9 (RLIN) |
9989 |
| 700 ## - ADDED ENTRY--PERSONAL NAME |
| Personal name |
ჯიჯეიშვილი, თ. |
| Relator term |
რედაქტორი |
| 9 (RLIN) |
9990 |
| 942 ## - ADDED ENTRY ELEMENTS (KOHA) |
| Koha item type |
წიგნი |
| Source of classification or shelving scheme |
|